Good in the Answers - Statistics

General Stats
  • This quiz has been taken 61,225 times
    40,206 since last reset
  • The average score is 13 of 20
Answer Stats
Clue Answer % Correct
Two days before Easter Good Friday
96%
Actors don't say this, instead they say "break a leg" Good luck
94%
Not putting your elbows on the table, e.g. Good manners
90%
Translation of "guten Morgen" Good morning
87%
No ___ ___ goes unpunished Good deed
83%
Police interrogation strategy Good cop bad cop
80%
Tire company with a blimp Goodyear
77%
Cape just south of Cape Town Cape of Good Hope
69%
Matt Damon / Ben Affleck movie Good Will Hunting
66%
Miss Molly! Good Golly
65%
Mob movie starring Joe Pesci Goodfellas
63%
What the road to hell is paved with Good intentions
63%
What Glinda was Good witch
59%
Great balls of fire! Goodness Gracious
58%
Charlie Brown statement of chagrin Good grief
54%
Beach Boys song Good Vibrations
54%
... to bad rubbish Good riddance
48%
Good fences make these Good neighbors
46%
Subject of a Jesus parable Good Samaritan
43%
He looked out on the feast of Stephen Good King Wenceslas
36%
No matching quizzes found
Score Distribution
Percent of People with Each Score
Percentile by Number Answered
Your Score History
You have not taken this quiz since the last reset